Pretty girls : a novel /

"More than twenty years ago, Claire and Lydia's teenaged sister Julia vanished without a trace. The two women have not spoken since, and now their lives could not be more different. Claire is the glamorous trophy wife of an Atlanta millionaire. Lydia, a single mother, dates an ex-con and s...

Full description

Bibliographic Details
Main Author: Slaughter, Karin, 1971- (Author)
Other Authors: Early, Kathleen (Narrator)
Format: CD Audio Book
Language:English
Published: [Ashland, Oregon] : Blackstone Audio, Inc., [2015]
Edition:Unabridged.
Subjects:

MARC

Tag First Indicator Second Indicator Subfields
LEADER 00000cim a2200000Ii 4500
001 in00003593728
005 20151030122954.0
007 sd fsngnnmmned
008 150223s2015 orunnnn f n eng d
035 |a (OCoLC)ocn904287177 
040 |a BLACP  |b eng  |e rda  |c BLACP  |d OCLCO  |d BTCTA  |d TEF  |d OCLCO  |d OCLCF  |d OCLCO 
019 |a 907099845 
020 |a 9781504610704  |q (library ed.) 
020 |a 1504610709 
020 |a 9781504610728 
020 |a 1504610725 
024 3 |a 9781504610728 
028 0 2 |a ZP8862  |b Blackstone Audio 
035 |a (OCoLC)904287177  |z (OCoLC)907099845 
050 1 4 |a PS3569.L275  |b P74 2015ab 
082 0 4 |a 813/.54  |2 23 
049 |a TXAM 
090 |a PS3569.L275  |b P74 2015b 
100 1 |a Slaughter, Karin,  |d 1971-  |e author. 
245 1 0 |a Pretty girls :  |b a novel /  |c Karin Slaughter. 
250 |a Unabridged. 
264 1 |a [Ashland, Oregon] :  |b Blackstone Audio, Inc.,  |c [2015] 
264 4 |c ℗2015 
300 |a 16 audio discs (20 hr.) :  |b digital, CD audio ;  |c 4 3/4 in. 
306 |a 200000 
336 |a spoken word  |b spw  |2 rdacontent 
337 |a audio  |b s  |2 rdamedia 
338 |a audio disc  |b sd  |2 rdacarrier 
344 |a digital  |b optical  |g stereo  |2 rda 
347 |a audio file  |b CD audio  |2 rda 
500 |a Title from container. 
511 0 |a Read by Kathleen Early. 
500 |a Includes bonus short story "Blonde hair, blue eyes" on disc 15 and 16. 
520 |a "More than twenty years ago, Claire and Lydia's teenaged sister Julia vanished without a trace. The two women have not spoken since, and now their lives could not be more different. Claire is the glamorous trophy wife of an Atlanta millionaire. Lydia, a single mother, dates an ex-con and struggles to make ends meet. But neither has recovered from the horror and heartbreak of their shared loss--a devastating wound that's cruelly ripped open when Claire's husband is killed. The disappearance of a teenage girl and the murder of a middle-aged man, almost a quarter-century apart: what could connect them? Forming a wary truce, the surviving sisters look to the past to find the truth, unearthing the secrets that destroyed their family all those years ago . . . and uncovering the possibility of redemption, and revenge, where they least expect it" --  |c provided by publisher. 
650 0 |a Sisters  |v Fiction. 
650 0 |a Missing persons  |v Fiction. 
650 0 |a Secrecy  |v Fiction. 
650 7 |a Missing persons.  |2 fast  |0 (OCoLC)fst01023702 
650 7 |a Secrecy.  |2 fast  |0 (OCoLC)fst01110644 
650 7 |a Sisters.  |2 fast  |0 (OCoLC)fst01119758 
655 7 |a Audiobooks.  |2 lcgft 
655 7 |a Mystery fiction.  |2 gsafd 
655 7 |a Suspense fiction.  |2 gsafd 
655 7 |a Audiobooks.  |2 fast  |0 (OCoLC)fst01726208 
655 7 |a Fiction.  |2 fast  |0 (OCoLC)fst01423787 
700 1 |a Early, Kathleen,  |e narrator. 
710 2 |a Blackstone Audio, Inc.,  |e issuing body. 
948 |a cataloged  |b h  |c 2015/10/30  |d c  |e ceaton  |f 12:22:20 pm 
994 |a C0  |b TXA 
999 f f |s 1f2a24fc-be17-3f49-89cb-121f19102aee  |i 001dfd05-78bd-38be-b282-ccbff30f2d99  |t 0 
952 f f |p normal  |a Texas A&M University  |b College Station  |c Sterling C. Evans Library  |d Evans: Library Stacks  |t 0  |e PS3569.L275 P74 2015b  |h Library of Congress classification  |i audio -- audio disc  |m A14843284556 
998 f f |a PS3569.L275 P74 2015b  |t 0  |l Evans: Library Stacks